000 00304as aa2200109a 44500
090 _aSERIADAS
_b01080
245 1 0 _aGeoinformación: Revista sobre Tecnologías y Sistemas de Información Espacial Integrada
260 _bEditorial Terra
_a12
310 _aBIMESTRAL
041 0 _aEspañol
942 _cREVISTA
999 _c16925
_d16925